Tribhuvan University Central Library

Evolution of female characters in the Nepali novels (Record no. 68307)

MARC details
000 -LEADER
fixed length control field 00408 a2200145 4500
041 ## - LANGUAGE CODE
Language code of text/sound track or separate title Eng
082 ## - DEWEY DECIMAL CLASSIFICATION NUMBER
Classification number 895.51309
Item number M687e
-- CS
100 ## - MAIN ENTRY--PERSONAL NAME
Personal name Mishra, Indira Acharya
245 ## - TITLE STATEMENT
Title Evolution of female characters in the Nepali novels
260 ## - PUBLICATION, DISTRIBUTION, ETC.
Place of publication, distribution, etc. Kathmandu:
Name of publisher, distributor, etc. TU, Research Division,
Date of publication, distribution, etc. 2011
300 ## - PHYSICAL DESCRIPTION
Extent v, 63p.
650 ## - SUBJECT ADDED ENTRY--TOPICAL TERM
Topical term or geographic name entry element Nepali novels
-- Females
-- Feminism
653 ## - INDEX TERM--UNCONTROLLED
Uncontrolled term Nepali literature
942 ## - ADDED ENTRY ELEMENTS (KOHA)
Source of classification or shelving scheme Dewey Decimal Classification
Koha item type Closed Section
Holdings
Withdrawn status Lost status Source of classification or shelving scheme Damaged status Not for loan Home library Current library Date acquired Total Checkouts Full call number Barcode Date last seen Price effective from Koha item type
    Dewey Decimal Classification     Tribhuvan University Central Library Tribhuvan University Central Library 01/12/2014   895.51309 M687e G75765 01/12/2014 01/12/2014 Closed Section